241208 - Quiz quotidien du 8 décembre 2024 - Statistiques

Statistiques générales
  • Ce quiz a été pris 24 fois
  • Le résultat moyen est 3 sur 10
Statistiques - réponses
Question Réponse % Correct
De quelle ville les forces britanniques ont-elles évacué l'Europe continentale en 1940 ? Dunkerque
100%
Lequel de ces pays a eu le même dirigeant depuis avant l'an 2000 ? Bélarus
50%
Si quelqu'un "prend l'habit", que fait il ? C'est un prêtre qui entre en religion
50%
Qui a eu un hit en 1990 avec *Ice Ice Baby* ? Vanilla Ice
50%
La plupart des hôtels sont classés entre 1 et 5 étoiles. Combien d'étoiles le Burj Al Arab de Dubaï est-il censé avoir ? 7
0%
Quel pays est négatif en carbone car ses forêts absorbent plus de carbone qu'il n'en émet ? Bhoutan
0%
Où poussent les cacahuètes ? Dans le sol
0%
Quel mot désigne un bébé kangourou ? Joey
0%
Qui a peint *L'École d'Athènes* ? Raphaël
0%
Qui a été le premier explorateur à atteindre le pôle Sud ? Roald Amundsen
0%
Aucun quiz correspondant
Distribution des résultats
% des personnes avec chaque résultat
Percentile par nombre de réponses
Votre historique - résultats
Vous n’avez pas pris ce quiz